Branca de Neve e os 7 anões (Registo nº 1967)

Detalhes MARC
000 -Etiqueta do registo
Cabeçalho 01080nam a22003371 4500
005 - Identificador da versão
Campo de controlo 20240813121921.0
095 ## -
-- PTBN00361896
010 ## - Número internacional normalizado dos livros (ISBN)
Número (ISBN) 9724301850
021 ## - Número do Depósito Legal
Código do país PT
Número 51805/91
100 ## - Dados gerais de processamento
Dados gerais de processamento 20070618d1992 c y0pory5003 ba
102 ## - Pais de publicação ou produção
País de publicação Portugal
101 1# - Língua de publicação
Língua do texto, banda sonora, etc. Português
106 ## - Campo de dados codificados: material textual
Dados codificados do material textual r
105 ## - Campo de dados codificados: livros
Dados codificados dos livros a z 000fy
215 ## - Descrição física 
Indicação específica da natureza do documento e extensão da espécie [27] p.
Outras indicações físicas muito il.
Dimensões 20 cm
200 1# - Titulo e menção de responsabilidade
Título próprio Branca de Neve e os 7 anões
Primeira menção de responsabilidade história de J. K. e W. K. Grimm
Outras menções de responsabilidade il. Agusti Asensio
-- trad. Ana Paula Pinto, adapt. Daniel Marques Ferreira
225 2# - Colecção 
Título próprio da colecção Contos de sempre
Indicação de volume 14
210 ## - Publicação, Distribuição, etc. 
Lugar da edição, distribuição, etc. Porto
Nome do editor, distribuidor, etc. Edinter
Data da publicação, distribuição, etc. 1992
606 ## - Nome comum usado como assunto
Número de registo de entrada de autoridade 0000001
Palavra de ordem Literatura estrangeira infantil
Subdivisão de assunto Conto
675 ## - Classificação Decimal Universal (CDU)
Notação 82-34
Edição
Língua da edição por
702 #1 - Nome de autor-pessoa física (responsabilidade secundária)
Número de registo de entrada de autoridade 0000604
Palavra de ordem Asensio
Outra parte do nome não tomada para palavra de ordem Augustí
Código de função Ilustrador / Técnico de desenho computorizado
Número de registo de entrada de autoridade 0000608
Palavra de ordem Pinto
Outra parte do nome não tomada para palavra de ordem Ana Paula
Código de função Tradutor
Número de registo de entrada de autoridade 0000610
Palavra de ordem Ferreira
Outra parte do nome não tomada para palavra de ordem Daniel Marques
Código de função Adaptador
701 #1 - Nome de autor-pessoa física (co-responsabilidade principal)
Palavra de ordem Grimm
Outra parte do nome não tomada para palavra de ordem Wilhelm Karl
Datas 1786-1859
Código de função Antecedente bibliográfico
700 #1 - Nome de autor-pessoa física (responsabilidade principal)
Número de registo de entrada de autoridade 0000607
Palavra de ordem Grimm
Outra parte do nome não tomada para palavra de ordem Jakob Ludwig Karl
Datas 1785-1863
942 ## - Elementos de entrada adicionados (Koha)
Tipo de item no Koha Livro
Exemplares
Situação do levantamento Origin of item (home branch) (coded) Biblioteca de empréstimo Código de barras Cota Circulation type (not for loan) Tipo de documento Nota do exemplar Damaged status
  Biblioteca Escolar da Coca Maravilhas Biblioteca Escolar da Coca Maravilhas BECM5433/02 8EST CON   Livro Sem mensagem